Teleologa̕ de las sentencias del Tribunal Federal de Justicia Fiscal y Administrativa

Detalles Bibliográficos
Autor principal: Arellano Gonzl̀ez, Sandra Carolina
Formato: eBook
Lenguaje:español
Publicado: Mx̌ico, D.F. : Corporativo Reyes Mora Advisors, 2011
Materias:
Acceso en línea:http://www.vlex.com/source/6749

MARC

LEADER 00000nam a22000007a 4500
005 20130215142712.0
007 cr|||| ||||
008 130215e2011 mx |||||s|||| 00| 0 spa d
020 |a 6079556626 
035 |a 6749 
040 |a vLex 
090 |c 3664  |d 3664 
100 1 0 |a Arellano Gonzl̀ez, Sandra Carolina  
245 1 0 |a Teleologa̕ de las sentencias del Tribunal Federal de Justicia Fiscal y Administrativa  |h [Recurso electrn̤ico]  
256 |a Servicio en ln̕ea 
260 |a Mx̌ico, D.F. :  |b Corporativo Reyes Mora Advisors,   |c 2011 
300 |a 1 Recurso electrn̤ico 
650 0 4 |a Procedimiento administrativo  |z Mx̌ico 
740 |a vLex Libros (Servicio en ln̕ea) 
856 |a Acceso restringido  |u http://www.vlex.com/source/6749 
942 |c BOOK 
999 0 |a Administrative procedure